00742nam a2200217 4500999001500000001000500015003000900020005001700029008004100046040003800087082002400125245007400149260004500223300002200268505001200290650004400302700002200346700001700368942001200385952012700397 c1860d18609578BD-DhUAP20200217113508.0200217s1998 bg mx p w 0 a0eng d aBD-DhAALcBD-DhAALbEngdBD-DhUAP00223a340.5492115 BAN00aBangladesh legal decision /cEdited by Tabarak Hussain and Ahmed Ali. aDhaka :bBangladesh Bar Council,cc1998. avolumes ;c26 cm. aV. 18-- aLawxPsychological aspectszBangladesh. aHussain, Tabarak. a Ali, Ahmed. 2ddccBK 00102ddc4070aUAPCLbUAPCLcGeneral Stacksd2020-02-17o340.5492115 BAN V-18p3010009578r2020-02-17t1w2020-02-17yBK